000 00625nam a2200277Ia 4500
005 20260324133911.0
008 008 260324s9999 xx 000 0 eng d
020 _a9781315811994
037 _aEBOOK
040 _aCRL
040 _beng
040 _cCRL
041 _2eng
041 _aeng
084 _qCRL
100 _aWes Folkerth
_91194807
245 4 _aThe Sound of Shakespeare
260 _bTaylor and Francis
260 _c2002
365 _a
365 _b230
856 _uhttp://www.taylorfrancis.com/books/9781315811994
942 _cEBOOK
999 _c1794343
_d1794343